Informačné systémy v hotelierstve diplomová práca

Enregistré dans:
Détails bibliographiques
Auteur principal: Rozum, Róbert
Collectivité auteur: Obchodná fakulta EU. Katedra informatiky obchodných firiem
Autres auteurs: Polášek, Ivan
Format: Livre
Langue:slovaque
Publié: Bratislava 2010
Tags: Ajouter un tag
Pas de tags, Soyez le premier à ajouter un tag!

MARC

LEADER 00000nam a2200000 4500
001 0121310
005 20240318122306.3
041 0 |a slo 
044 |a SK 
245 1 0 |a Informačné systémy v hotelierstve  |b diplomová práca  |c Róbert Rozum ; škol. Ivan Polášek 
264 1 |a Bratislava  |c 2010 
300 |a 72 s. 
100 1 |a Rozum, Róbert 
700 1 |a Polášek, Ivan 
710 2 |a Obchodná fakulta EU. Katedra informatiky obchodných firiem